000 00455nam a2200157 4500
001 131222
003 ES-MaACL
005 20230906193935.0
007 t|
008 070214s1957 sp r ||||1| spa d
100 1 _aRodón y Font, Camilo.
_998165
245 1 0 _aEtimologías textiliarias /
_cCamilo Rodón y Font.
260 _aBadalona :
_b[s.n.],
_c1957 (
_fTall. Prisma)
300 _a422 p. :
_bil. ;
_c22 cm.
852 _aES-MaACL
_jC-12396
_bR.40883
999 _c131222
_d131222